[Event "SVK-chT1E 1718"]
[Site "Slovakia"]
[Date "2018.03.11"]
[Round "11.7"]
[White "Kohut, Marian"]
[Black "Rogos, Jan Jr"]
[Result "0-1"]
[WhiteElo "2020"]
[BlackElo "2053"]
[PlyCount "66"]
[EventDate "2017.10.21"]
[EventType "team-tourn"]
[EventRounds "11"]
[EventCountry "SVK"]
[SourceTitle "EXT 2019"]
[Source "ChessBase"]
[SourceDate "2018.10.10"]
[SourceVersion "1"]
[SourceVersionDate "2018.10.10"]
[SourceQuality "1"]
[WhiteTeam "Sabinov"]
[BlackTeam "Jelsava Magnezit"]
[WhiteTeamCountry "SVK"]
[BlackTeamCountry "SVK"]

1. e4 c5 2. Na3 g6 3. c3 Bg7 4. Nf3 d6 5. Bb5+ Nd7 6. d4 cxd4 7. cxd4 Ngf6 8. Bd3 0-0 9. 0-0 Ne8 10. Re1 Nc7 11. Bg5 Ne6 12. Be3 b6 13. Nb5 Ba6 14. a4 Bb7 15. Qd2 a6 16. Nc3 Re8 17. b4 Ra7 18. Nd5 Bxd5 19. exd5 Nc7 20. a5 b5 21. Bh6 Nxd5 22. Qg5 e6 23. Bxg7 Qxg5 24. Nxg5 Kxg7 25. Ne4 Nxb4 26. Nxd6 Rd8 27. Re3 Nf6 28. Ne4 Rxd4 29. Nxf6 Rxd3 30. Ne8+ Kf8 31. Rxd3 Nxd3 32. Rd1 Kxe8 33. Rxd3 Rd7 0-1

[Event "SVK-chT1E 1718"]
[Site "Slovakia"]
[Date "2018.02.18"]
[Round "9.6"]
[White "Tropp, Frantisek"]
[Black "Rogos, Jan Jr"]
[Result "1/2-1/2"]
[WhiteElo "2111"]
[BlackElo "2061"]
[PlyCount "58"]
[EventDate "2017.10.21"]
[EventType "team-tourn"]
[EventRounds "11"]
[EventCountry "SVK"]
[SourceTitle "EXT 2019"]
[Source "ChessBase"]
[SourceDate "2018.10.10"]
[SourceVersion "1"]
[SourceVersionDate "2018.10.10"]
[SourceQuality "1"]
[WhiteTeam "Liptov Chess School II"]
[BlackTeam "Jelsava Magnezit"]
[WhiteTeamCountry "SVK"]
[BlackTeamCountry "SVK"]

1. e4 c5 2. c4 d6 3. Nc3 Nf6 4. d3 g6 5. Nge2 Bg7 6. g3 0-0 7. Bg2 a6 8. 0-0 Nc6 9. Rb1 Rb8 10. a4 Nb4 11. d4 cxd4 12. Nxd4 Ng4 13. Nd5 Nc6 14. Nc2 Nge5 15. Qe2 e6 16. Nde3 b5 17. cxb5 axb5 18. f4 Nd7 19. Rd1 bxa4 20. Rxd6 Na7 21. Na3 Re8 22. e5 Bf8 23. Nec4 Bxd6 24. Nxd6 Rf8 25. Be3 Qa5 26. Qf2 Nb5 27. Naxb5 Rxb5 28. Nxb5 Qxb5 29. Rc1 Bb7 1/2-1/2

[Event "SVK-chT1E 1718"]
[Site "Slovakia"]
[Date "2018.02.17"]
[Round "8.5"]
[White "Andras, Tomas"]
[Black "Rogos, Jan Jr"]
[Result "1-0"]
[WhiteElo "2122"]
[BlackElo "2061"]
[PlyCount "91"]
[EventDate "2017.10.21"]
[EventType "team-tourn"]
[EventRounds "11"]
[EventCountry "SVK"]
[SourceTitle "EXT 2019"]
[Source "ChessBase"]
[SourceDate "2018.10.10"]
[SourceVersion "1"]
[SourceVersionDate "2018.10.10"]
[SourceQuality "1"]
[WhiteTeam "Kezmarok"]
[BlackTeam "Jelsava Magnezit"]
[WhiteTeamCountry "SVK"]
[BlackTeamCountry "SVK"]

1. e4 e5 2. Nf3 Nc6 3. d4 exd4 4. c3 dxc3 5. Bc4 d6 6. Qb3 Na5 7. Bxf7+ Ke7 8. Qxc3 Kxf7 9. Ng5+ Ke8 10. Qxa5 h6 11. Nf3 Nf6 12. Nc3 c6 13. Qa4 Be6 14. 0-0 Nd7 15. Be3 Nb6 16. Bxb6 Qxb6 17. Nd4 Bd7 18. Qc4 Be7 19. Nf5 Bxf5 20. exf5 Qc5 21. Qe6 Qe5 22. Qg6+ Kd7 23. Rfe1 Qf6 24. Qg4 h5 25. Qh3 d5 26. Re6 Qf7 27. Rae1 Bf6 28. Qd3 Bxc3 29. bxc3 Rae8 30. c4 Kc8 31. cxd5 Rd8 32. d6 Rhf8 33. Qe3 Kb8 34. f6 gxf6 35. a4 f5 36. Qd4 Qd7 37. a5 a6 38. h3 f4 39. Rb1 Qc8 40. d7 Qc7 41. Qc5 Ka8 42. Rb6 Qxd7 43. Re7 Qd1+ 44. Kh2 Qd4 45. Rxc6 Kb8 46. Rxb7+ 1-0

[Event "SVK-chT1E 1718"]
[Site "Slovakia"]
[Date "2017.12.03"]
[Round "6.3"]
[White "Zvarik, Martin"]
[Black "Rogos, Jan Jr"]
[Result "1-0"]
[WhiteElo "2244"]
[BlackElo "2061"]
[PlyCount "81"]
[EventDate "2017.10.21"]
[EventType "team-tourn"]
[EventRounds "11"]
[EventCountry "SVK"]
[SourceTitle "EXT 2019"]
[Source "ChessBase"]
[SourceDate "2018.10.10"]
[SourceVersion "1"]
[SourceVersionDate "2018.10.10"]
[SourceQuality "1"]
[WhiteTeam "Zilina Mladost"]
[BlackTeam "Jelsava Magnezit"]
[WhiteTeamCountry "SVK"]
[BlackTeamCountry "SVK"]

1. d4 Nf6 2. Bg5 c5 3. d5 Qb6 4. Nc3 h6 5. Bd2 g6 6. e4 d6 7. a4 Bg7 8. Qc1 Na6 9. a5 Qd8 10. Bc4 Nb4 11. f3 Nd7 12. Bb5 0-0 13. Nd1 Kh7 14. c3 Na6 15. Qc2 Nc7 16. Bd3 e6 17. dxe6 Ne5 18. exf7 Nxd3+ 19. Qxd3 Rxf7 20. Ne2 d5 21. exd5 Bf5 22. Qc4 Nxd5 23. 0-0 Re7 24. Ng3 Be6 25. Qxc5 Rc8 26. Qf2 Rd7 27. Ne4 Nf6 28. Nxf6+ Qxf6 29. Be3 Qd8 30. Bxa7 Rd2 31. Qe3 Bb3 32. Nf2 Rxb2 33. Ne4 Bc4 34. Rfd1 Qe8 35. Nd6 Qxe3+ 36. Bxe3 Rc6 37. Nxc4 Rxc4 38. Rd7 Kg8 39. a6 bxa6 40. Rxa6 Rc8 41. Rxg6 1-0

[Event "SVK-chT1E 1516"]
[Site "Slovakia"]
[Date "2015.10.24"]
[Round "1.5"]
[White "Rogos, Jan Jr"]
[Black "Hros, Roman"]
[Result "1/2-1/2"]
[WhiteElo "2102"]
[BlackElo "2147"]
[PlyCount "120"]
[EventDate "2015.10.24"]
[EventType "team-tourn"]
[EventRounds "11"]
[EventCountry "SVK"]
[SourceTitle "CBM 169 Extra"]
[Source "ChessBase"]
[SourceDate "2015.12.18"]
[SourceVersion "1"]
[SourceVersionDate "2015.12.18"]
[SourceQuality "1"]
[WhiteTeam "Jelsava Magnezit"]
[BlackTeam "Liptov Chess School II"]
[WhiteTeamCountry "SVK"]
[BlackTeamCountry "SVK"]

1. e4 c5 2. Nf3 e6 3. d4 cxd4 4. Nxd4 Nc6 5. Be3 Qc7 6. Be2 Nf6 7. f3 d5 8. Nd2 a6 9. N2b3 dxe4 10. Nxc6 bxc6 11. fxe4 Nxe4 12. Qd4 Nf6 13. Bf4 Qa7 14. 0-0-0 Be7 15. Bf3 Bd7 16. Qxa7 Rxa7 17. Be3 Ra8 18. Bc5 Rb8 19. Rd3 Rb5 20. Bxe7 Kxe7 21. c4 Re5 22. Rhd1 Rc8 23. Nd2 g5 24. h3 h5 25. Bxh5 Nxh5 26. Nf3 Rc5 27. Rxd7+ Kf6 28. b3 Nf4 29. R1d2 a5 30. Ra7 Rg8 31. Rdd7 Rg7 32. h4 gxh4 33. Nxh4 Rh5 34. g3 Ne2+ 35. Kb2 Nxg3 36. Nf3 Ne4 37. Ka3 Rh3 38. Nd2 Nxd2 39. Rxd2 Rg5 40. Rf2+ Rf5 41. Rd2 Rc5 42. Ka4 Rh8 43. Rxa5 Rxa5+ 44. Kxa5 Ke5 45. Kb6 f5 46. Kxc6 f4 47. Kb7 f3 48. c5 Ke4 49. c6 Ke3 50. Rd1 f2 51. c7 Ke2 52. Ra1 e5 53. a4 f1Q 54. Rxf1 Kxf1 55. c8Q Rxc8 56. Kxc8 e4 57. a5 e3 58. a6 e2 59. a7 e1Q 60. a8Q Qe6+ 1/2-1/2

[Event "SVK-chT1E 1415"]
[Site "Slovakia"]
[Date "2014.11.29"]
[Round "3.4"]
[White "Rogos, Jan Jr"]
[Black "Szamos, Alexander"]
[Result "0-1"]
[WhiteElo "2147"]
[BlackElo "2192"]
[PlyCount "62"]
[EventDate "2014.10.18"]
[EventType "team-tourn"]
[EventRounds "11"]
[EventCountry "SVK"]
[SourceTitle "EXT 2016"]
[Source "ChessBase"]
[SourceDate "2015.10.08"]
[SourceVersion "1"]
[SourceVersionDate "2015.10.08"]
[SourceQuality "1"]
[WhiteTeam "Jelsava"]
[BlackTeam "Banska Bystrica CVC"]
[WhiteTeamCountry "SVK"]
[BlackTeamCountry "SVK"]

1. e4 c6 2. d4 d5 3. e5 Bf5 4. Nc3 Qb6 5. g4 Bd7 6. Na4 Qa5+ 7. c3 e6 8. Nc5 Bxc5 9. dxc5 Qxc5 10. Be3 Qa5 11. b4 Qc7 12. f4 b6 13. Nf3 Ne7 14. Bd3 c5 15. bxc5 bxc5 16. 0-0 Qa5 17. Rc1 Nbc6 18. f5 c4 19. Bb1 exf5 20. gxf5 Nxf5 21. Bxf5 Bxf5 22. Ng5 g6 23. Nxf7 Rf8 24. Nd6+ Ke7 25. Bg5+ Ke6 26. Nxc4 Qc5+ 27. Ne3 Nxe5 28. Qa4 Bd3 29. Qd4 Qxd4 30. cxd4 Rxf1+ 31. Nxf1 Nf3+ 0-1

[Event "SVK-chT1E 1415"]
[Site "Slovakia"]
[Date "2014.10.19"]
[Round "2.4"]
[White "Rogos, Jan Jr"]
[Black "Krak, Tomas"]
[Result "0-1"]
[WhiteElo "2147"]
[BlackElo "2353"]
[PlyCount "74"]
[EventDate "2014.10.18"]
[EventType "team-tourn"]
[EventRounds "11"]
[EventCountry "SVK"]
[SourceTitle "EXT 2016"]
[Source "ChessBase"]
[SourceDate "2015.10.08"]
[SourceVersion "1"]
[SourceVersionDate "2015.10.08"]
[SourceQuality "1"]
[WhiteTeam "Jelsava"]
[BlackTeam "Humenne"]
[WhiteTeamCountry "SVK"]
[BlackTeamCountry "SVK"]

1. e4 c5 2. Nf3 Nc6 3. d4 cxd4 4. Nxd4 g6 5. Bc4 Bg7 6. Be3 Nf6 7. Nc3 d6 8. f3 Qb6 9. Nf5 Qxb2 10. Nxg7+ Kf8 11. Bd2 Kxg7 12. 0-0 Qb6+ 13. Kh1 Qc5 14. Bb3 Be6 15. Nd5 Bxd5 16. exd5 Na5 17. c4 Nxc4 18. Rc1 b5 19. Bxc4 bxc4 20. Bc3 Rac8 21. Re1 Rhe8 22. Qd2 e5 23. dxe6 fxe6 24. Bb4 Qc6 25. Qxd6 Qxd6 26. Bxd6 Rc6 27. Be5 Kf7 28. Re2 Nd5 29. Rb2 c3 30. Rb7+ Re7 31. Rb3 Rd7 32. Kg1 a5 33. a3 a4 34. Rb8 c2 35. Kf2 Nb6 36. Kg3 Nc4 37. Bb2 Nd2 0-1